书目信息 |
| 题名: |
1000单词畅游美国
|
|
| 作者: | 张兰 著 | |
| 分册: | ||
| 出版信息: | 北京 中国水利水电出版社 2006.01 |
|
| 页数: | 272页 | |
| 开本: | 26cm | |
| 丛书名: | ||
| 单 册: | ||
| 中图分类: | H313.1 | |
| 科图分类: | ||
| 主题词: | ||
| 电子资源: | ||
| ISBN: | 7-5084-3089-1 | |
| 000 | 00885nam0 2200241 450 | |
| 001 | 012006190422 | |
| 005 | 20060522161737.42 | |
| 010 | @a7-5084-3089-1@dCNY36.00 | |
| 100 | @a20060421d2006 km y0chiy0120 ea | |
| 101 | 0 | @achi@aeng |
| 102 | @aCN@b110000 | |
| 105 | @aa z 000yy | |
| 200 | 1 | @a1000单词畅游美国@A1000 dan ci chang you mei guo@f张兰著@Fzhang lan zhu |
| 210 | @a北京@c中国水利水电出版社@d2006.01 | |
| 215 | @a272页@c图@d26cm | |
| 312 | @a英文题名取自封面 | |
| 330 | @a本书是作者根据自己在美国的经历感触而撰写的介绍美国风景和社会生活的书籍。全书将一些美国日常用语和常用单词做了介绍和举例,使读者在了解美国风景和社会生活的同时能够很自然地掌握美国常用的语言单词。 | |
| 510 | 1 | @aWalk over USA by 1000 words@zeng |
| 607 | @a美国@Amei guo@x概况 | |
| 690 | @aH313.1@v4 | |
| 701 | 0 | @a张兰@Azhang lan@4著 |
| 801 | 0 | @aCN@bQSSK@c20060522 |
| 905 | @a10447@dH313.1@eZ135 | |
| 1000单词畅游美国/张兰著.-北京:中国水利水电出版社,2006.01 |
| 272页:图;26cm |
| ISBN 7-5084-3089-1:CNY36.00 |
| 本书是作者根据自己在美国的经历感触而撰写的介绍美国风景和社会生活的书籍。全书将一些美国日常用语和常用单词做了介绍和举例,使读者在了解美国风景和社会生活的同时能够很自然地掌握美国常用的语言单词。 |
| ● |
| 相关链接 |
|
|
|
正题名:1000单词畅游美国
索取号:H313.1/Z135
 
预约/预借
| 序号 | 登录号 | 条形码 | 馆藏地/架位号 | 状态 | 备注 |
| 1 | 559084 | 205590840 | 语言库209/209语言库 33排5列6层/ [索取号:H313.1/Z135] | 在馆 | |
| 2 | 559085 | 205590859 | 语言库209/209语言库 33排5列6层/ [索取号:H313.1/Z135] | 在馆 | |
| 3 | 559086 | 205590868 | 语言库209/ [索取号:H313.1/Z135] | 在馆 |